Como seleccionar nuestro personal (Registro nro. 2591)
[ vista simple ]
| 000 -LEADER | |
|---|---|
| fixed length control field | 01135 a2200193 4500 |
| 001 - CONTROL NUMBER | |
| control field | 35905 |
| 005 - DATE AND TIME OF LATEST TRANSACTION | |
| control field | 20260407155637.0 |
| 008 - FIXED-LENGTH DATA ELEMENTS--GENERAL INFORMATION | |
| fixed length control field | 260407a1978 arg spa d |
| 003 - CONTROL NUMBER IDENTIFIER | |
| control field | AR-UNSa-BCEJYS |
| 040 ## - CATALOGING SOURCE | |
| Original cataloging agency | AR-UNSa-BCEJYS |
| Language of cataloging | spa |
| Transcribing agency | AR-UNSa-BCEJYS |
| 080 ## - UNIVERSAL DECIMAL CLASSIFICATION NUMBER | |
| Universal Decimal Classification number | 658.311 |
| Common auxiliary subdivision | Reclutamiento y selección de personal |
| 100 1# - MAIN ENTRY--PERSONAL NAME | |
| Personal name | Blanco Cohen, C. |
| 245 10 - TITLE STATEMENT | |
| Title | Como seleccionar nuestro personal |
| Name of part/section of a work | técnicas modernas de selección |
| 264 #1 - PRODUCTION, PUBLICATION, DISTRIBUTION, MANUFACTURE, AND COPYRIGHT NOTICE | |
| Place of production, publication, distribution, manufacture | México : |
| Name of producer, publisher, distributor, manufacturer | Limusa |
| Date of production, publication, distribution, manufacture, or copyright notice | 1978 |
| 300 ## - PHYSICAL DESCRIPTION | |
| Extent | 206 p. |
| Dimensions | 23 cm. |
| 505 ## - FORMATTED CONTENTS NOTE | |
| Formatted contents note | 1. Contratación y reclutamiento - 2. Administración y contratación de personal - 3. Los procedimientos de selección y las últimas etapas del reclutamiento - 4. El período de prueba como etapa final de la selección - 5. Profesiogramas - 6. Métodos modernos de selección de personal - 7. Cómo emplear los tests - 8. La práctica del examen sicotécnio - 9. El problema de la personalidad - 10. Las entrevistas como sistemas de selección - 11. Selección de mandos y equipo directivo - 12. Selección de vendedores - 13. ¿Que hacemos con el hombre marginal?. |
| 590 ## - LOCAL NOTE (RLIN) | |
| Local note | niveau_biblio:m niveau_hierar:0 |
| 942 ## - ADDED ENTRY ELEMENTS (KOHA) | |
| Koha item type | |
| Withdrawn status | Lost status | Damaged status | Not for loan | Home library | Current library | Shelving location | Date acquired | Total checkouts | Full call number | Barcode | Date last seen | Price effective from | Koha item type |
|---|---|---|---|---|---|---|---|---|---|---|---|---|---|
| Biblioteca Prof. Eusebio Cleto del Rey | Biblioteca Prof. Eusebio Cleto del Rey | 07/04/2026 | 658.311 B638 | L39080 | 07/04/2026 | 07/04/2026 | Libro |